000 01234nam a2200337 i 4500
001 000003924
003 DO-SdBNP
005 20240620112136.0
007 ta
008 090715t1979 dr 001 0 spa d
040 _aDO-SdBNP
_bspa
_cBNPHU
_erda
082 4 _a349.7293
_bV422h
_222
100 1 _aVega B., Wenceslao,
_d1932-
_938670
_eautor
245 1 0 _aHistoria del derecho colonial dominicano /
_cWenceslao Vega B.
264 _aSanato Domingo :
_bTaller,
_c1979.
300 _a164 páginas ;
_c24 cm.
336 _2rdacontent
_atexto
_btxt
337 _2rdamedia
_asin mediación
_bn
338 _2rdacarrier
_avolumen
_bnc
490 _aEnsayo
_v1
500 _aIncluye datos biográficos del autor en la solapa.
501 _aIncluye referencias bibliográficas y notas al pie de páginas.
504 _aBibliografía : páginas 155-158.
586 _aPremio Siboney 1978.
590 _aInventariado, 2018/DG
650 4 _aDerecho colonial español
_xRepública Dominicana
_911814
650 4 _aDerecho
_zRepública Dominicana
_xHistoria
_ySiglos XV-XVIII
_911815
650 4 _aIsla española (Haití y República Dominicana)
_xHistoria
_911816
910 _aVMateo / Validado. Control de calidad. EMS
942 _2ddc
_cLBS1
999 _c3743
_d3743